Mistrzowie Świata Konstruktorów Formuły 1 (1950-2018) - Statystyki

Ogólne statystyki
  • Ten quiz został rozwiązany 1 113 razy
  • Średni wynik to 9 z 16
Statystyki odpowiedzi
Ilość mistrzostw zespół % Poprawnych
15 Ferrari
100%
7 Mercedes
98%
12 McLaren
94%
4 Red Bull
91%
7 Williams
89%
2 Renault
80%
2 Alfa Romeo
62%
6 Lotus
57%
1 Brawn
51%
4 Brabham
39%
2 Benetton
37%
2 Tyrrell
22%
2 Cooper
17%
2 Maserati
17%
1 BRM
13%
1 Matra
11%
Nie znaleziono quizów pasujących do podanych kryteriów
Rozkład punktacji
Procent ludzi z każdym wynikiem
Percentyl według liczby udzielonych odpowiedzi
Twoja historia wyników
Nie rozwiązałeś tego quizu